Jean-François Regnard : (1655-1709) (notice n° 1983660)
[ vue normale ]
| 000 -LEADER | |
|---|---|
| fixed length control field | 01149cam a2200145 4500500 |
| 005 - DATE AND TIME OF LATEST TRANSACTION | |
| control field | 20260329043203.0 |
| 041 ## - LANGUAGE CODE | |
| Language code of text/sound track or separate title | fre |
| 042 ## - AUTHENTICATION CODE | |
| Authentication code | dc |
| 100 10 - MAIN ENTRY--PERSONAL NAME | |
| Personal name | Mazouer, Charles |
| Relator term | author |
| 245 00 - TITLE STATEMENT | |
| Title | Jean-François Regnard : (1655-1709) |
| 260 ## - PUBLICATION, DISTRIBUTION, ETC. | |
| Name of publisher, distributor, etc. | Armand Colin,<br/> |
| Date of publication, distribution, etc. | 2012.<br/> |
| 520 ## - SUMMARY, ETC. | |
| Summary, etc. | Cinquante ans après le maître livre d’Alexandre Calame sur Jean-François Regnard, un colloque s’imposait pour dresser déjà une sorte d’état présent des études consacrées à un auteur qui, s’il est toujours joué dans les théâtres, reste passablement méconnu et trop sous-estimé. Ce colloque a fait davantage, en permettant de renouveler notre lecture d’un écrivain si varié. Plus de vingt communications, ici publiées, dont les auteurs sont souvent de jeunes chercheurs, ont précisément mis au jour la diversité de l’œuvre de Regnard, en proposant plus que des aperçus sur l’esthétique et l’esprit de cette œuvre, dont la réception est également abordée. |
| 700 10 - ADDED ENTRY--PERSONAL NAME | |
| Personal name | Quéro, Dominique |
| Relator term | author |
| 856 41 - ELECTRONIC LOCATION AND ACCESS | |
| Uniform Resource Identifier | <a href="https://shs.cairn.info/jean-francois-regnard-1655-1709--9782200276072?lang=fr&redirect-ssocas=7080">https://shs.cairn.info/jean-francois-regnard-1655-1709--9782200276072?lang=fr&redirect-ssocas=7080</a> |
Pas d'exemplaire disponible.




Réseaux sociaux